000 00522nam a2200169 4500
001 117652
003 ES-MaACL
005 20230906190938.0
007 t|
008 070214s1934 fr r ||||1| fre d
100 1 _aPapadiamandis, A.
_988858
245 1 0 _aSkiathos ile grecque
_b: nouvelles /
_cpar A. Papadiamandis ; traduites du grec et prefaces par Octave Merlier.
260 _aParis :
_bA. Taffin-Lefort,
_c1934.
300 _a320 p. ;
_c20 cm.
700 1 _aMerlier, Octave.
_980574
852 _aES-MaACL
_jA-3431
999 _c117652
_d117652